000 00241nam a2200097Ia 4500
008 240331s9999 xx 000 0 und d
082 _bGAR
100 _aGarber, M
245 0 _aVested interests :
_bcross-dressing and cultual anxiety
942 _cL
999 _c2169
_d2169